| 000 | 00959nam a22002417a 4500 | ||
|---|---|---|---|
| 005 | 20140829144425.0 | ||
| 008 | 090728t xxu||||| |||| 00| 0 pun d | ||
| 010 | _aPUN- | ||
| 020 |
_c400.00 _a9788126042944 |
||
| 035 | _aPN- | ||
| 037 | _bDBAD / PUB | ||
| 037 | _bSahitya akademi | ||
| 040 |
_adpl _bpn |
||
| 082 | _a230.44 | ||
| 100 | _aਚਤੁਰਵੇਦੀ,ਬਦਰੀਨਾਥ | ||
| 245 |
_aਮਹਾਭਾਰਤ : ਮੱਨੁਖੀ ਹੋਂਦ ਵਿਚ ਸੱਚ ਦੀ ਪਡ੍ਤਾਲ/ _cਬਦਰੀਨਾਥ ਚਤੁਰਵੇਦੀ |
||
| 246 |
_aMahabharat: Manukhi hond vich di padchol _bby Badrinath chaturvedi |
||
| 260 |
_aNew delhi _bSahitya Prakashan _c2014 |
||
| 270 |
_bNew Delhi _a35, ਫ਼ਿਰੋਜ਼ਸ਼ਾਹ ਮਾਰਗ ਨਈ ਦਿੱਲੀ _k09464391902 _e110001 |
||
| 300 | 4 |
_a835p. _c22ਸੇਂਮੀ (ਸਜਿਲੱਦ) |
|
| 942 |
_2ddc _cPN _h260.33 _mਚਤੁਰ |
||
| 999 |
_c88112 _d88112 |
||